[Event "Klubbmesterskapet 2018 (A)"]
[Site "Ås, Akershus NOR"]
[Date "2018.03.22"]
[Round "8"]
[White "Lea, Per"]
[Black "Moberg, Jan Rune"]
[Result "1-0"]
[WhiteElo "1725"]
[BlackElo "1690"]
[Annotator "Lea, Per"]
[PlyCount "124"]
[EventDate "2018.01.11"]

1. e4 e5 2. Nf3 Nc6 3. Bb5 a6 4. Ba4 d6 {Muligens litt slapt, men inneholder
en liten felle som hvit plumper rett uti - men som svart ikke kjenner} ({Den
klassiske fortsettelsen er:} 4... Nf6 5. O-O Be7 6. Re1 b5 7. Bb3 O-O 8. c3 {
og svartspillere med hår på brøstet hopper inn i den gamle
Weberg-Lea-spesialiteten} d5 9. exd5 Nxd5 10. Nxe5 Nxe5 11. Rxe5 Nf6 ({eller
det mer saklige} 11... c6)) 5. d4 (5. c3) (5. O-O {er gode alternativer}) 5...
b5 6. Bb3 Na5 $2 (6... Nxd4 7. Nxd4 exd4 8. c3 (8. Qxd4 c5 9. Qd3 (9. Qd5 Be6
10. Qc6+ Bd7 11. Qd5 c4) ({Det desperate} 9. Bxf7+ Kxf7 {ble forsøkt i
Halfthor Gudjansson-Per Lea, Oslomesterskapet klasse B 1973, og svart vant
greit. Gudjansson representerte den islandske studentsjakklubben i Oslo, med
det poetiske navnet Skakfisn}) 9... c4) 8... dxc3 9. Nxc3 Be7 10. Qd5 Be6 11.
Qc6+ Bd7 12. Qd5 Be6 {Remis (Per Lea-Aksel Tømte, Ås sjakklubbs høstturnering
1994)}) 7. dxe5 Nxb3 8. axb3 Bb7 9. exd6 $2 {Gir tilbake mye av fordelen} (9.
Nc3 dxe5 10. Qxd8+ Rxd8 11. Nxe5 b4 12. Nd5 {Gir tilsynelatende tilbake bonden,
men den vinnes tilbake noen trekk seinere. Hvit så ikke så langt, og valgte
derfor et svakere trekk.} Bxd5 13. exd5 Rxd5 14. Nc4 {og a-bonden faller}) (9.
O-O Bxe4 10. Ng5 Bg6 (10... Bb7 11. e6 Nh6 12. Nc3) 11. e6 Nf6 12. Re1 Be7 13.
Qe2 {og svart sliter enten løperen står på g6 eller b7}) 9... Bxd6 10. Qe2 ({
Som i forrige trekk var} 10. Nc3) ({og} 10. O-O {bedre alternativer}) 10... Ne7
({Gaffelen etter} 10... Nf6 11. e5 Bxf3 {er tilsynelatende ufarlig for svart,
men hvit slår bare tilbake med g-bonden og vinner offiseren allikevel.}) 11.
Bg5 Qd7 12. e5 Bc5 13. Nc3 O-O ({Etter} 13... Ng6 {går den lille fordelen over
til svart}) 14. Ne4 (14. Rd1 Qg4 15. Bxe7 Bxe7 16. O-O {med springerpar mot
løperpar virket ikke særlig fristende, men det var en feilvurdering i følge
Stockfish}) 14... Bb6 15. Rd1 Qe6 16. Bh4 $4 h6 (16... Ng6 $1 17. Bg3 Rae8 18.
h3 Qf5 19. Nc3 Nxe5 20. Nxe5 (20. Bxe5 $2 Bxf3 21. Qxf3 Rxe5+ 22. Kf1 Qxc2 {er
lett vinst for svart})) 17. Qd3 $4 {Hvit ser syner} Nd5 ({Hvits drøm var} 17...
Rfd8 $4 18. Qxd8+ Rxd8 19. Rxd8+ Kh7 20. Neg5+ hxg5 21. Nxg5+ Kh6 22. Nxe6) 18.
Bg3 f5 $1 {Den enkle finessen hadde hvit helt oversett. Nå forsvinner det
etter hvert en offiser, men hvit får en viss kompensasjon i svarts totalt
ødeagte kongestilling.} 19. Nc3 Nxc3 20. bxc3 f4 21. Bh4 Bxf3 ({Etter} 21... g5
22. Bxg5 hxg5 {kan ikke hvit spille} 23. Nxg5 {på grunn av} Qxe5+ {og
springeren går tapt}) 22. gxf3 Qxe5+ (22... g5 23. Rg1 Rf5 24. Rg4 Re8 {er
enda mer dødelig}) 23. Kf1 g5 24. Qg6+ Qg7 25. Qe6+ Rf7 26. Rg1 Qf6 27. Qd5 c6
28. Bxg5 hxg5 29. Rxg5+ Kh8 30. Rh5+ Rh7 (30... Kg7 $1 {beholder en vinnende
fordel for svart. Etter teksttrekket skal det være remis med best spill av
begge.}) 31. Rxh7+ Kxh7 32. Qd7+ $2 {Etter lang betnkningstid. Nå er det igjen
svart som får fordel, men det er uklart om det holder til vinst.} ({Bedre var} 
32. Qh5+ Kg8 33. Re1 Rf8 34. Re5 (34. Qg4+ Qg7 35. Qe6+ Qf7 36. Qg4+ Qg7 (36...
Kh8 $4 37. Re5 {og hvit vinner}) 37. Qe6+ Kh7 38. Qh3+ Kg8 39. Qe6+ {remis}))
32... Kg8 $4 {Serverer hvit partiet på et sølvfat, men det er kanskje ikke så
opplagt at det er det som blir resultatet. Hvit vurderte lenge å sjakke i
g-linja i stedet, og spille på remis ved evig sjakk, men svart hadde lett
kommet unna sjakkene.} 33. Rd6 $1 Qe5 {Nå er det faktisk matt i 7 trekk, men
det så ingen av spillerne} 34. Qxc6 (34. Rg6+ $1 Kf8 35. Qh7 Qd5 36. Rg7 Qd1+
37. Kg2 {og svart kan bare utsatte matten ved å gi sjakker med dronningoffer
og løperoffer}) 34... Rd8 35. Rg6+ Kf7 36. Qxb6 Rd1+ 37. Kg2 Rd7 38. Qxa6 Qf5
39. Rd6 Qg5+ 40. Kf1 Re7 41. Rb6 Qh5 42. Rb7 (42. Qc8 Re8 43. Rb7+ Kg8 44. Qd7
Qg6 45. Rxb5 {er enda mer overbevisende}) 42... Qxf3 43. Rxe7+ Kxe7 44. Qa7+ (
44. Qxb5 $4 {er remis ved evig sjakk:} Qd1+ 45. Kg2 Qg4+ 46. Kh1 Qf3+ 47. Kg1
Qg4+ {o.s.v.}) 44... Ke6 45. Qb6+ Kf7 46. Qc7+ Kf6 47. Qd8+ Kf7 48. Qd4 {Hvit
har 4-5 minutter igjen, og prøver å opparbeide seg mer tid: enhver rask sjakk
innbringer nesten 30 ekstra sekunder. Men evig sjakk for svart må hele tida
unngås.} Qh1+ 49. Ke2 Qxh2 50. Qd5+ Kf6 51. Qxb5 Qg2 52. Qb6+ Kf5 53. Qc5+ Kf6
54. Qd6+ Kf5 55. Qf8+ {Hvit vil veldig gjerne få gi en sjakk i diagonaen a8-h1
eller i f-linja} Ke5 56. Qc5+ Kf6 57. Kd3 {Nå kommer hvits konge seg unna alle
sjakkene, samtidig som f-bonden er gardert} Qf1+ 58. Kd2 ({For all del ikke} 
58. Kd4 $4 Qxf2+ 59. Kc4 Qxc5+ 60. Kxc5 {og den enslige svarte bonden vinner
over de tre hvite}) 58... Qg2 59. b4 Ke6 60. b5 Qe4 61. Qc6+ Qxc6 62. bxc6 Kd6
{og svart ga samtidig opp den håpløse kampen. Det er ikke alltid trippelbønder
gir dårlig stilling.} 1-0

[Event "Klubbmesterskapet 2018 (B)"]
[Site "Ås, Akershus NOR"]
[Date "2018.03.22"]
[Round "8"]
[White "Petersen, Rune J"]
[Black "Olsen, Trygve"]
[Result "0-1"]
[WhiteElo "1219"]
[BlackElo "1461"]
[PlyCount "20"]
[EventDate "2018.01.11"]

1. d4 d6 2. Nf3 c6 3. e3 g6 4. Nc3 Bg7 5. Bd2 f5 6. Bc4 d5 7. Be2 Nf6 8. O-O
O-O 9. Ne5 Nbd7 10. f4 Nxe5 0-1

[Event "Klubbmesterskapet 2018 (B)"]
[Site "Ås, Akershus NOR"]
[Date "2018.03.22"]
[Round "8"]
[White "Rønbeck, Bjørn"]
[Black "Hjertvik, Even"]
[Result "1-0"]
[WhiteElo "1506"]
[BlackElo "1452"]
[PlyCount "97"]
[EventDate "2018.01.11"]

1. e4 d6 2. d4 Nf6 3. Nc3 Nbd7 4. Nf3 e5 5. Bc4 Be7 6. O-O c6 7. dxe5 dxe5 8.
Re1 Qc7 9. a3 h6 10. b4 b5 11. Bb3 Nf8 12. h3 g5 13. Nh2 Ng6 14. g4 Nf4 15.
Bxf4 gxf4 16. f3 Rg8 17. Kf2 Nh7 18. Rg1 Qb6+ 19. Kg2 Bh4 20. Qe2 h5 21. Rad1
Ng5 22. Rd6 Be6 23. Nd5 Qf2+ 24. Qxf2 Bxf2 25. Rxc6 Bxd5 26. Bxd5 Bxg1 27. Kxg1
Nxh3+ 28. Kg2 Ng5 29. Rc5 Rb8 30. Bc6+ Ke7 31. Rxe5+ Kd6 32. Rc5 f6 33. Bxb5
hxg4 34. Rd5+ Kc7 35. Bc4 gxf3+ 36. Kf2 Nxe4+ 37. Kxf3 Nd6 38. Rc5+ Kb6 39.
Bxg8 Rxg8 40. Kxf4 a5 41. Ng4 f5 42. Nf6 axb4 43. axb4 Rc8 44. Nd5+ Kb7 45.
Rxc8 Kxc8 46. Ne7+ Kc7 47. Nxf5 Nxf5 48. Kxf5 Kc6 49. c4 1-0

[Event "Klubbmesterskapet 2018 (B)"]
[Site "Ås, Akershus NOR"]
[Date "2018.04.19"]
[Round "8"]
[White "Thowsen, Alf Geir"]
[Black "Heien, Aksel"]
[Result "1-0"]
[WhiteElo "1403"]
[BlackElo "1285"]
[PlyCount "53"]
[EventDate "2018.01.11"]

1. e4 e5 2. Nf3 Nc6 3. Nc3 Nf6 4. Be2 d6 5. d3 Bg4 6. h3 Bxf3 7. Bxf3 Be7 8.
Ne2 d5 9. exd5 Nxd5 10. Bd2 Qd6 11. a3 a5 12. O-O g5 13. Ng3 Nf4 14. Nf5 Qf6
15. Nxe7 Kxe7 16. Re1 Nd8 17. Bc3 Ng6 18. d4 Kf8 19. dxe5 Qe7 20. Bg4 c5 21.
Qf3 Rg8 22. Rad1 Ne6 23. Bxe6 Qxe6 24. Rd6 Qe7 25. e6 Re8 26. Rd7 Nh4 27. Qxf7+
1-0

[Event "Klubbmesterskapet 2018 (A)"]
[Site "Ås, Akershus NOR"]
[Date "2018.04.12"]
[Round "9"]
[White "Furnes, Torstein"]
[Black "Lea, Per"]
[Result "1/2-1/2"]
[WhiteElo "1765"]
[BlackElo "1725"]
[Annotator "Lea, Per"]
[PlyCount "78"]
[EventDate "2018.01.11"]

1. d4 d5 2. c4 e5 {Albins motgambit. Da jeg sjekket, fant jeg ut at jeg hadde
en score på +15=2-2 (84%!)) med denne varianten, ble jeg fristet til å prøve
det nok en gang.} 3. cxd5 exd4 $4 ({Jeg fryktet} 3... Qxd5 4. Nc3 Qxd4 5. Qxd4
exd4 6. Nb5 {men Stockfish mener svart står helt greit etter} Bb4+ 7. Bd2 Bxd2+
8. Kxd2 Na6 9. Nf3 c5) 4. Qxd4 Nc6 5. Qd1 {Hvit har vunnet en bonde, og svart
har minimalt med kompensasjon} Ne5 6. e4 Nf6 7. Nc3 Bd7 ({For all del ikke} 
7... Bb4 8. Qa4+ {og hvit vinner en offiser og partiet}) 8. Nf3 Ng6 9. Bd3 Bc5
10. Bg5 ({Bedre er sannsynligvis} 10. O-O Ng4 11. h3 N4e5 12. Nxe5 Nxe5 13. Bf4
{med klar fordel for hvit}) (10. e5 {gir tilsynelatende motspill for svart,
men her hadde jeg nok ikke helt oversikt over hvits beste varianter, f. eks.:}
Ng4 11. O-O N6xe5 12. Nxe5 Nxe5 13. Re1 f6 14. Qc2 h5 15. Bg6+) 10... h6 11.
Bxf6 $2 ({Bedre å innrømme at løperutfallet til g5 var en feil og heller spille
} 11. Bd2) 11... Qxf6 12. O-O O-O 13. Re1 (13. Kh1 {for å bli kvitt bindinga i
diagonalen g1-a7 var en av flere gode planer}) (13. Qd2 {for å bli kvitt en
potensiell binding av Sf3 var en annen fornuftig plan}) 13... Bg4 14. Be2 Nf4 (
{Etter} 14... Rfe8 {er nesten hele hvits fordel som blåst bort}) 15. Rc1 ({Her
dagdrømte jeg om} 15. h3 Bxh3 16. gxh3 Nxh3+ 17. Kf1 Nxf2 ({Stockfish påstår at
} 17... Qg6 18. Qd2 Qg4 19. Rec1 Rfe8 {er enda bedre})) 15... Nxe2+ $2 ({Etter
f.eks.} 15... Rad8 16. Nb5 {fryktet jeg diverse innslag på c7, men jeg hadde
totalt oversett} Qb6 17. Rf1 Bxf3 18. Bxf3 (18. gxf3 $4 Qg6+ 19. Kh1 Qg2#)
18... Qxb5 {og svart vinner}) 16. Qxe2 Bb4 $2 (16... Rae8 17. e5 Bxf3 18. exf6
Bxe2 19. fxg7 Kxg7 20. Rxe2 Rxe2 21. Nxe2 b6 {er heller ikke særlig fristende,
men er sannsynsligvis bedre}) 17. a3 (17. e5 $1 {er ubehagelig for svart})
17... Ba5 18. h3 Bxf3 19. Qxf3 Qxf3 20. gxf3 {Her begynte jeg nesten å se lyst
på situasjonen, men svart skal være temmelig sjanseløs her. Håpet er at hvit
ikke klarer å få gjort merbonden gjeldende på grunn av dobbeltbøndene i
f-linja.} a6 $2 {Igjen var det frykten for en springer på b5 som som lurte i
bakhodet} ({Men} 20... Bxc3 21. Rxc3 c6 22. dxc6 bxc6 23. Rxc6 {var jo ikke
særlig fristende}) 21. b4 Bb6 22. Na4 Rac8 {Hindrer et tårn å trenge inn på c7}
23. Nxb6 ({Etter} 23. d6 $1 {får svart uoverstigelige problemer}) 23... cxb6
24. f4 b5 25. Kf1 {Å aktivisere kongen er i prinsippet en god plan, men etter}
(25. e5 {hadde det ikke vært moro å spille svart}) 25... Rc4 26. Rxc4 bxc4 {
Plutselig er jeg blitt kvitt dobbeltbonden og - ikke minst - fått en fribonde!
Etter et eventuelt tårnbytte så jeg for meg et bondesluttspill med bonde under,
men som hvit ikke vinne på grunn av den svarte c-bonden som hvits kongen må
passe på. Her tok jeg en frekkis og tilbød remis, men hvit ville naturligvis
heller spille videre. Hvis jeg hadde hatt tilgang på Stockfish sinvurdering av
stillingen her, så hadde jeg neppe kommet med tilbudet.} 27. Ke2 Rc8 28. Ke3 (
28. Rg1 Kf8 29. f5) (28. f5 g5 29. fxg6 fxg6 {er 2 sterkere varianter, igjen i
henhold til Stockfish, men jeg kan ikke skjønne hvorfor svart skal hjelpe hvit
til å blikvitt dobbeltbonden}) 28... Kf8 29. Kd4 Ke7 30. e5 g6 31. a4 b5 32.
axb5 axb5 33. Re3 Kd7 34. Ra3 Rc7 35. Kc3 h5 36. Ra6 Rb7 37. h4 Ke7 38. Kd4 Kd7
39. Kc3 Ke7 {Med nytt remistilbud, som denne gang ble akseptert. Hvit følte
nok (med rette!) at stillingen var vunnet, men klarte ikke å finne en forsert
variant. Dermed ble det å sende mer og mer stressende blikk bort på klokka som
tikket nedover. I sluttstillingen hadde hvit ca 3 minutter igjen; svart ca 12 
(Når skjedde det sist at jeg hadde bedre tid enn motstanderen?)} ({Jeg fryktet
at} 39... Ke7 40. f5 {skulle vinne greit for hvit etter} gxf5 41. Rf6 {
etterfulgt av slag på f5 og h5. Men i virkeligheten er det ikke fullt så
enkelt. Det finnes bedre veier til seier!}) 1/2-1/2

[Event "Klubbmesterskapet 2018 (A)"]
[Site "Ås, Akershus NOR"]
[Date "2018.05.03"]
[Round "9"]
[White "Midtgard, Anders"]
[Black "Andersen, Odd"]
[Result "0-1"]
[WhiteElo "1623"]
[BlackElo "1775"]
[Annotator "Lea, Per"]
[PlyCount "135"]
[EventDate "2018.01.11"]

1. d4 f5 2. Bg5 Nf6 3. Bxf6 exf6 4. e3 {Ikke den mest spilte varianten i
Hollandsk, og det er kanskje ikke så rart: I følge ChessBase scorer 70% i
denne varianten.} d5 5. Bd3 (5. c4 {virker mer aggresivt, men det jo aldri
være direkte galt å utvikle en offiser.}) 5... Bd6 6. Qf3 ({Her mistenkes unge
Midtgard for å demonstrere solide åpningsteoretisk kunnskap. "Alle"vi andre
ville sannsynligvis spilt} 6. Nf3 {etterfulgt av kort rokade}) ({Legg merke
til at dronningtrekket IKKE er en dobbelttrussel - bonden på d5 er tabu:} 6.
Qf3 g6 7. Qxd5 Bb4+ {0-1}) 6... g6 7. h4 {På de 21 partiene i denne stillingen
har hvit oppnådd +15 =4 -2, altså en score på 81%. Men som partiet tydelig
viser: Det skal spilles først! Her kan det også legges til at Stockfish 9 er
langtfra like positiv i bedømmelsen: hvit får bare en ørliten fordel.} h5 8.
Ne2 Be6 ({Alle 6 partiene på ChessBase fortsetter med} 8... c6 {men noen av
oss - inkludert Stockfish 9 - synes det virker mer fornuftig å utvikle en
offiser for å dekke bonden.}) 9. Nd2 c6 10. Nf4 (10. c4 {er trekket for de mer
aggressive av oss}) 10... Bf7 11. O-O Nd7 12. a3 Qc7 13. Rfe1 Kf8 (13... O-O-O
{ser enda mer solid ut}) 14. c4 {Stillingen er helt lik, hvilket passer hvit
bra. Remis gir klubbmestertittel etter kvalitetsberegning.} Bxf4 15. exf4 (15.
Qxf4 Qxf4 16. exf4 dxc4 17. Nxc4 Bxc4 18. Bxc4 Rh7 {ser dønn remis ut. Hvits
løper mot springer oppveies sannsynligvis av at d-bonden er svak.}) 15... dxc4
16. Bxc4 Nb6 17. Bxf7 Kxf7 18. Qb3+ Nd5 19. Rac1 Qb6 20. Qxb6 Nxb6 (20... axb6
21. g3 Rhd8 {for å prøve å legge press på d-bonden fra et tårn på a4 er også
en muliget. Men dobbeltbønder er noe træl, da.}) 21. Nb3 Rad8 22. Nc5 Rb8 23.
g3 Rhd8 24. Re6 {Bondeofferet ser helt greit ut!} Rxd4 25. Rce1 Nd5 (25... Re4
26. R6xe4 (26. Nxe4 $2 Kxe6 {og hvit har ikke noen gode avdekkersjakker - ikke
engang dobbeltsjakken} 27. Nc5+ {er noe ennet enn et slag i lufta.}) 26... fxe4
27. Nxe4) 26. Rd6 b6 27. Rd7+ Kg8 28. Na6 Rc8 $1 ({Ikke} 28... Ra8 $2 29. Nc7
Rf8 30. Nxd5 Rxd5 31. Rxa7 Rf7 32. Ra6 Rb5 33. b4 {og hvit står litt bedre})
29. Rxa7 Re4 30. Rxe4 fxe4 31. Kf1 e3 32. Rb7 (32. fxe3 Nxe3+ 33. Ke2 Nf5 34.
Rb7 Nxg3+ 35. Kf3 Nf5 36. Rxb6 Nxh4+ {er helt spillbart, men tre svarte bønder
mot en hvit på kongefløyen ser ekkelt ut.}) 32... Kf8 33. Rh7 (33. Nb8 {er et
interessant forsøk, selv om trekket umiddelbart ser "rart" ut}) (33. Rb8 {gir
et helt likt sluttspill i følge Stockfish, og ut i fra tabellstillingen burde
kanskje hvit ha satset på det.}) 33... Kg8 34. Rb7 {Kanskje hvit heller vil ha
remis ved trekkgjentagelse?} exf2 35. Kxf2 Ra8 ({Svart er ikke interessert i å
havne i en remisstilling etter} 35... g5 36. fxg5 fxg5 37. hxg5 Rf8+ 38. Ke2
Rf5 39. Nb8 Rxg5 40. Kf3 Rg6 {selv om dette objektivt sett kanskje er bedre.
men "pjokken fra Lommedalen" har gang på gang vist at i praktisk spill er det
ikke alltid det beste som er det "beste"...}) 36. Nc7 Nxc7 37. Rxc7 Rd8 38. Ke2
(38. Rxc6 Rd2+ 39. Kf3 Rxb2 40. Rxf6 Rb3+ 41. Kg2 Kg7 42. Rc6 b5 43. Ra6 Rb2+
44. Kg1 Ra2 45. Ra5 Rb2 46. Kf1 Kf6 47. a4 bxa4 (47... b4 48. Rb5 b3 49. a5 Ra2
50. Rxb3 Rxa5) 48. Rxa4 {Her kan vi bare istemme den gamle leksa:
"Tårnsluttspill er remis"!}) 38... Rd6 39. Rb7 c5 40. Ke3 f5 41. Ke2 Kf8 42.
Ke3 {Nå begynner tidsnøden å spille inn for begge spillerne. Og da er det lett
å trå feil.} c4 43. Rc7 Rd3+ 44. Kf2 b5 45. Rc6 {En unøyaktighet} (45. a4 Rd2+
46. Kf3 Rxb2 47. axb5 Rxb5 48. Rxc4 {må være død remis}) 45... Rd2+ 46. Ke3
Rxb2 47. Kd4 {Virker veldig naturlig: kongen må hjelpe til for å stoppe
bøndene. Men sannsynligvis var dette den avgjørende feilen.} (47. Rxg6 Ke7 48.
Kd4 Rd2+ 49. Kc5 c3 50. Kb4 c2 51. Rc6 Kd7 52. Rc3 Rg2 53. Kxb5 Rxg3 54. Rxc2
Rxa3 55. Rc5 Rb3+ 56. Kc4 Rf3 57. Rxf5 Ke6 58. Rxh5 Rxf4+ {er død remis}) 47...
Rb3 {Lar hvit slippe inn i partiet igjen!} (47... Kf7 $1 48. Rc7+ Ke8 49. Rg7
Rb3 50. Rxg6 Rxa3 51. Rf6 c3 52. Re6+ Kd7 53. Re5 b4 54. Rd5+ Ke7 55. Re5+ Kf6
56. Kd3 Ra2 57. Rc5 Rb2 58. Rc4 Ke6 {vinner for svart}) 48. Rxg6 {Svart har
tid til å snuppe med seg bonden!} Rxa3 49. Rf6+ Kg7 50. Rxf5 Rd3+ 51. Kc5 Rb3
52. Kd4 (52. Rxh5 Rxg3 53. Kxb5 Rf3 54. Kxc4 Rxf4+ {er også remis}) 52... c3
53. Rc5 $2 {Der taper hvit partiet for andre - men langt fra siste - gang!} (
53. Rxh5 b4 54. Rc5 Rb1 55. Kd3 {gir tilstrekkelig med motsjanser selv om de
svarte bøndene har kommet lenger fram}) 53... b4 $1 54. Kc4 Rb2 55. Kd3 Rd2+ $4
{Gir bort seieren nok en gang, men her har spillerne stort sett bare de 30
bonussekundene å spille på - og noteringsplikten tar jo også noen ekstra
sekunder for hvert trekk} (55... Kf6 56. Rc8 Ke6 57. Rc5 Rd2+ 58. Ke3 Kd6 59.
Rc8 Rg2 60. Kf3 Rh2 61. f5 c2 62. f6 Ke6 63. Rc6+ Kf7 64. Rc7+ Kxf6 65. Rc6+
Ke7 66. g4 b3 {og de svarte bøndene kan ikke stoppes}) 56. Ke3 $4 {Hvit griper
ikke sjansen} (56. Kc4 c2 57. Kxb4 Rg2 58. Kb3 Kf6 59. Rxc2 Rxg3+ 60. Rc3 Rg4 {
er remis}) 56... Rd1 57. Ke2 Rd2+ 58. Ke1 Rb2 $4 {Nok en gang slipper svart
hvit inn i partiet igjen} (58... Rh2 59. Rc7+ Kf6 60. Rc6+ Kf5 61. Kd1 b3 62.
Rxc3 Rh1+ 63. Ke2 b2 {og hvit må ofre tårnet på b-bonden}) 59. Kd1 Kf6 60. Kc1
$4 {Der kom den siste feilen} (60. Rb5 c2+ 61. Kc1 {og en av de svarte
fribøndene faller}) 60... Ke6 61. f5+ Kd6 62. Rc8 Ke5 63. Rc5+ Kd4 64. Rc8 Rf2
65. f6 b3 66. Rd8+ Ke3 67. f7 Rxf7 {Det sikreste} ({Raskeste vei til målet var
} 67... b2+ 68. Kb1 Rf1+ 69. Ka2 b1=Q+ 70. Ka3 Qb2+ 71. Ka4 Ra1#) 68. Rd1 {
Hvit tapte på tid. Hvis det var en ting dette partiet demonstrerte, så var det:
TÅRNSLUTTSPILL ER IKKE LETT!} ({Det er matt i 5 trekk:} 68. Rd1 Ra7 69. Kb1 c2+
70. Kb2 cxd1=Q 71. Kc3 Ra4 72. g4 Qc2#) 0-1

[Event "Klubbmesterskapet 2018 (A)"]
[Site "Ås, Akershus NOR"]
[Date "2018.05.03"]
[Round "9"]
[White "Lund, Petter"]
[Black "Kielland-Lund, Jon"]
[Result "1/2-1/2"]
[WhiteElo "1658"]
[BlackElo "1709"]
[PlyCount "53"]
[EventDate "2018.01.11"]

1. c4 e5 2. Nc3 Nc6 3. e3 Bb4 4. Nd5 Nf6 5. Qa4 Be7 6. Nxe7 Qxe7 7. a3 O-O 8.
d3 d6 9. Ne2 Bd7 10. Qc2 Bf5 11. Ng3 Bg6 12. Be2 e4 13. b4 a6 14. Bb2 exd3 15.
Bxd3 Ne5 16. Bxg6 fxg6 17. O-O Rae8 18. h3 b6 19. Rae1 Ned7 20. e4 Qd8 21. f4
Re7 22. e5 dxe5 23. fxe5 Nh5 24. Rxf8+ Nxf8 25. Nxh5 gxh5 26. Qe4 Ne6 27. Rf1
1/2-1/2

[Event "Klubbmesterskapet 2018 (B)"]
[Site "Ås, Akershus NOR"]
[Date "2018.04.12"]
[Round "9"]
[White "Olsen, Trygve"]
[Black "Lange, Magnus Øyvind"]
[Result "1/2-1/2"]
[WhiteElo "1461"]
[BlackElo "1341"]
[PlyCount "126"]
[EventDate "2018.01.11"]

1. f4 d5 2. d4 Nc6 3. Nf3 Nf6 4. e3 Bg4 5. Be2 e6 6. O-O Be7 7. c3 h6 8. b4 Ne4
9. Qa4 a6 10. Qc2 Bh4 11. Nbd2 Nxd2 12. Qxd2 g5 13. Nxh4 Bxe2 14. Qxe2 gxh4 15.
Qh5 Qf6 16. Bd2 O-O-O 17. Be1 Rdg8 18. Bxh4 Qg7 19. Rf2 f5 20. Rb1 a5 21. b5
Na7 22. b6 Nc6 23. bxc7 Kxc7 24. Rbb2 a4 25. Qe2 a3 26. Rb3 Qf8 27. Qb5 Qa8 28.
Qe2 h5 29. Rf3 Rg4 30. Rh3 Rhg8 31. g3 Qa4 32. Qd1 Qa6 33. Qf1 Qa4 34. Qb5 Qa7
35. Kf2 Ra8 36. Bg5 Rh8 37. Rh4 Rxh4 38. Bxh4 Ra8 39. Qe2 Rh8 40. h3 Qa4 41.
Bf6 Rh6 42. Bg5 Rh7 43. h4 Na5 44. Rb4 Qc6 45. Qc2 Nc4 46. Rb3 b5 47. Qd1 Qa6
48. Qd3 Kc6 49. Kg2 Qa4 50. Qb1 Nb2 51. Kf3 Nc4 52. Rb4 Qa5 53. Qc2 Rf7 54. Kf2
Qa6 55. Qe2 Rh7 56. Bf6 Qa8 57. Be5 Qa5 58. Bf6 Qa8 59. Qc2 Rb7 60. Ke2 Rf7 61.
Be5 Rb7 62. Bf6 Rf7 63. Bg5 Rb7 1/2-1/2

[Event "Klubbmesterskapet 2018 (B)"]
[Site "Ås, Akershus NOR"]
[Date "2018.04.12"]
[Round "9"]
[White "Thowsen, Alf Geir"]
[Black "Petersen, Rune J"]
[Result "1-0"]
[WhiteElo "1403"]
[BlackElo "1219"]
[PlyCount "101"]
[EventDate "2018.01.11"]

1. e4 Nc6 2. Nf3 d6 3. Nc3 e6 4. d4 Nf6 5. Bb5 Bd7 6. Bg5 Be7 7. Bd3 e5 8. Be3
Ng4 9. Qd2 Nxe3 10. Qxe3 Bg4 11. d5 Bxf3 12. Qxf3 Nd4 13. Qd1 O-O 14. Ne2 c5
15. c3 Nxe2 16. Qxe2 Qd7 17. c4 a6 18. O-O Rfb8 19. a4 b6 20. Qd2 Rb7 21. Ra3
Rab8 22. f4 f6 23. f5 b5 24. cxb5 axb5 25. axb5 Ra7 26. Rfa1 Rbb7 27. Be2 Rxa3
28. Rxa3 Ra7 29. Ra6 Rxa6 30. bxa6 Bd8 31. Qd1 Bb6 32. Bc4 g6 33. g4 gxf5 34.
gxf5 Qg7+ 35. Kf1 Qg5 36. Qc2 Qf4+ 37. Ke1 Qe3+ 38. Kf1 Qf3+ 39. Ke1 Qe3+ 40.
Qe2 Qxe2+ 41. Kxe2 h5 42. Kf3 Kh7 43. Kg3 Kh6 44. h4 Kg7 45. Kf3 Kf7 46. Ke3
Ke7 47. Kd3 Kd7 48. Kc2 Kc7 49. Be2 Ba7 50. Bxh5 c4 51. Be2 1-0

[Event "Høstturneringen 2017"]
[Site "Ås, Akershus NOR"]
[Date "2017.08.31"]
[Round "1"]
[White "Furnes, Torstein"]
[Black "Olsen, Trygve"]
[Result "1-0"]
[WhiteElo "1583"]
[BlackElo "1271"]
[PlyCount "61"]
[EventDate "2017.08.31"]

1. d4 d5 2. c4 Nf6 3. cxd5 Qxd5 4. Nc3 Qd8 5. Nf3 e6 6. Bg5 Be7 7. e3 c6 8. Bd3
Nd5 9. Bxe7 Qxe7 10. Rc1 O-O 11. O-O Nb4 12. Bb1 a5 13. a3 Nd5 14. Qd3 f5 15.
Rfe1 Rf6 16. e4 Nf4 17. Qe3 Nxg2 18. Kxg2 f4 19. Qd3 Rh6 20. e5 Qf7 21. Ne4 Qh5
22. Neg5 Rg6 23. Kh1 Bd7 24. Rg1 Be8 25. Qb3 b5 26. Bxg6 Bxg6 27. Qxe6+ Bf7 28.
Qxf7+ Qxf7 29. Nxf7 Kxf7 30. Rg4 Ke6 31. Rxg7 1-0